000 00856nam a2200265Ia 4500
003 GCL
008 140319s9999 xx 000 0 ara d
040 _aGCL /
_cGCL
082 0 4 _a819.9
_bج ا
100 1 _aجبران خليل جبران
245 1 0 _aالاجنحة المتكسرة /
_cجبران خليل جبران
700 1 _aنازك سابا يارد
260 _aبيروت :
_bمؤسسة بحسون للنشر والتوزيع
300 _a142 ص ؛
_c20 سم
490 _a
650 0 4 _aالادب العربى
650 0 4 _aالقصص العربية
650 0 4 _aالنقد
650 0 4 _aالنثر العربى
650 0 4 _aالقصة العربية
650 0 4 _aجبران خليل جبران
650 0 4 _aتاريخ ونقد
650 0 4 _aالبلاغة العربية,العصر الحديث
942 _2ddc
_cBK
999 _c48884
_d48884